Представление документа в формате RUSMARC

ПолеНазваниеЗначение
  Тип записи a
  Библиографический уровень m
001 Контрольный номер UONB/MAIN/e46bf90f31824e7f84f8996e5d014425
005 Дата корректировки 20240131005805.0
010 Индекс ISBN __
a ISBN 978-5-389-08678-4
b Уточнения в пер.
d Цена 250 р.
9 Тираж 7000 экз.
100 Данные общей обработки __
a Данные общей обработки 20230413d2015 u y0rusy0189 ca
101 Язык документа 0_
a Язык текста rus
102 Страна публикации __
a Страна публикации RU
105 Кодированные данные (монография) __
a Кодированные данные (монография) y z 000ay
200 Заглавие и сведения об ответственности 1_
a Заглавие Белая гвардия
a Заглавие Бег
f Первые сведения об ответственности Михаил Булгаков
e Сведения, относящиеся к заглавию роман, пьеса
e Сведения, относящиеся к заглавию для среднего школьного возраста
203 Вид содержания и тип средства __
a Вид содержания Текст
b Характеристика содержания визуальный
c Тип средства непосредственный
210 Выходные данные 1_
a Место издания Санкт-Петербург
c Издательство Азбука
c Издательство Азбука-Аттикус
d Дата издания 2015
215 Физическое описание __
a Объем 442, [3] с.
d Формат 21 см
225 Серия 1_
a Серия Азбука-классика
i Наименование части Школьная библиотека
333 Примечание о целевом назначении __
a Примечание о целевом назначении 16+
606 Тематические рубрики 0_
a Основная рубрика Исторические романы и рассказы (х. л.)
610 Ключевые слова 0_
a Ключевые слова романы исторические русские
686 Индексы других классификаций __
a Классификационный индекс 84Р2-42
2 Код системы rubbk
700 Автор _1
a Фамилия Булгаков
b Имя (инициалы) М. А.
g Полное личное имя Михаил Афанасьевич
801 Источник записи _0
a Страна RU
b Организация Ульяновская ОНБ
c Дата составления 20230413
g Правила каталогизации RCR
801 Источник записи _1
a Страна RU
b Организация Ульяновская ОНБ
c Дата составления 20230413
g Правила каталогизации RCR
900 Электронные ресурсы __
a Имя электронного ресурса 723Ц0229
900 Электронные ресурсы __
a Имя электронного ресурса 723Ц0230
901 Тип документа __
t Тип документа m
909 Создатель записи __
a Создатель записи Горбункова
b Дата создания записи 20230818